Missing Word: 'A' Movie Titles II Quiz Stats

 Plays Quiz Updated Aug 19, 2014

Support Sporcle.
Go Orange.
Score 0/22 Timer 03:00
0 Plays Today
Movie Word % Correct
Around the _____ in 80 DaysWorld
95.9%
A.I. __________ IntelligenceArtificial
91.5%
Analyze ____This
83.4%
Along Came _____Polly
81.6%
...And Justice for ___All
81.1%
An American in _____Paris
80.1%
An ________ and a GentlemanOfficer
77.4%
Anchorman: The ______ of Ron BurgundyLegend
76.9%
Any Given _______Sunday
75.4%
Angels in the _______Outfield
73%
Annie ____Hall
71.2%
Movie Word % Correct
Addicted to ____Love
67.9%
Austin Powers in __________Goldmember
61.7%
August: Osage ______County
59.6%
Akeelah and the ___Bee
59%
Anna ________Karenina
56%
├ćon ____Flux
50.1%
Across the ________Universe
45.4%
Atlantis: The Lost ______Empire
39.1%
Angels with Dirty _____Faces
37.2%
American ______Psycho
36.3%
All Is ____Lost
29.7%

Today's Daily Dose

Missing Word
Food in Lyrics

Word Ladder
Bouquet

You're not logged in!

Compare scores with friends on all Sporcle quizzes.
OR
Log In

From the Vault

Skylander Elements

by bhcrain

The Beam is Supreme!
Remove Ads.
Support Sporcle.
Get the best of Sporcle when you Go Orange. This ad-free experience offers more features, more stats, and more fun while also helping to support Sporcle. Thank you for becoming a member.

Show Comments

Extras

Top Quizzes Today


Score Distribution

Your Account Isn't Verified!

In order to create a playlist on Sporcle, you need to verify the email address you used during registration. Go to your Sporcle Settings to finish the process.

Report this User

Report this user for behavior that violates our Community Guidelines.

Details: